Banking Crises and Reversals in Financial Reforms
Ako systémové a nesystémové bankové krízy ovplyvňujú finančné reformy na základe bohatej histórie bankových kríz od rokov 1970-tych. Empirická identifikačná stratégia výskytu bankových kríz.
Enregistré dans:
| Auteur principal: | |
|---|---|
| Format: | Chapitre de livre |
| Langue: | anglais |
| Sujets: | |
| Tags: |
Pas de tags, Soyez le premier à ajouter un tag!
|
MARC
| LEADER | 00000naa a2200000 4500 | ||
|---|---|---|---|
| 001 | 0248877 | ||
| 005 | 20181115100149.1 | ||
| 041 | 0 | |a eng | |
| 044 | |a CZ | ||
| 245 | 1 | 0 | |a Banking Crises and Reversals in Financial Reforms |c Petar Stankov |
| 520 | |a Ako systémové a nesystémové bankové krízy ovplyvňujú finančné reformy na základe bohatej histórie bankových kríz od rokov 1970-tych. Empirická identifikačná stratégia výskytu bankových kríz. | ||
| 610 | 2 | 0 | |a bankovníctvo |
| 610 | 2 | 0 | |a banky |
| 610 | 2 | 0 | |a banky centrálne |
| 610 | 2 | 0 | |a kríza |
| 610 | 2 | 0 | |a kríza banková |
| 610 | 2 | 0 | |a trh finančný |
| 610 | 2 | 0 | |a trh finančný medzinárodný |
| 610 | 2 | 0 | |a regulácia |
| 610 | 2 | 0 | |a regulácia štátna |
| 610 | 2 | 0 | |a politika |
| 610 | 2 | 0 | |a reformy |
| 100 | 1 | |a Stankov, Petar | |